00517nam a2200193 a 4500001001300000003000900013005001700022008004100039020002300080082001700103100002100120245004700141260003900188300000900227500003500236505001000271650002100281700002100302nice12345678IN_TiNIC20260116013758.0050524s1996 grea grp 000 0 eng  a1852304 c69500a296.155bEIS aEisenman, Robert aDead Sea Scrolls and the First Christians. aGreat BritainbElement Booksc1996 a449p aincludes index and biblioraphy2 aIndex aDead Sea Scrolls1 aEisenman, Robert